| 000 | 00529nam a2200169Ia 4500 | ||
|---|---|---|---|
| 999 |
_c893 _d893 |
||
| 003 | OSt | ||
| 005 | 20201223120428.0 | ||
| 008 | 190216s9999||||xx |||||||||||||| ||und|| | ||
| 040 | _coclc | ||
| 082 |
_a297.122594812 _bABD/V |
||
| 100 |
_a Abdul Hameed, Cheriyamundam _91843 |
||
| 245 | 0 |
_aVishudha Quran Ashaya Vivarthanam / _cCheriyamundam Abdul Hameed |
|
| 260 |
_bNich Of Trooth, _c2014. _aThrissur: |
||
| 300 | _a1076p | ||
| 650 | _aArabic | ||
| 942 |
_cBK _2ddc _h297.122594812 _iABD/V _k297.122594812 _mABD/V |
||